Súhrnný pohľad na nezamestnanosť v Slovenskej republike

Vekové, kvalifikačné a regionálne dimenzie nezamestnanosti. Diferenciácia regiónov SR z hľadiska makroekonomických ukazovateľov. Regionálna dimenzia trhu práce. Komparatívne výhody a nevýhody ekonomiky SR vo vzťahu k vysokej miere nezamestnanosti.

Guardado en:
Detalles Bibliográficos
Autor principal: Mikelka, Eduard
Formato: Capítulo de libro
Lenguaje:eslovaco
Materias:
Etiquetas: Agregar Etiqueta
Sin Etiquetas, Sea el primero en etiquetar este registro!

MARC

LEADER 00000naa a2200000 4500
001 r040446
005 20230929073416.2
041 0 |a slo 
044 |a SK 
245 1 0 |a Súhrnný pohľad na nezamestnanosť v Slovenskej republike  |c Eduard Mikelka 
520 |a Vekové, kvalifikačné a regionálne dimenzie nezamestnanosti. Diferenciácia regiónov SR z hľadiska makroekonomických ukazovateľov. Regionálna dimenzia trhu práce. Komparatívne výhody a nevýhody ekonomiky SR vo vzťahu k vysokej miere nezamestnanosti. 
610 2 0 |a nezamestnanosť 
610 2 0 |a Slovensko 
610 2 0 |a vek 
610 2 0 |a kvalifikácia 
610 2 0 |a regióny 
610 2 0 |a ukazovatele makroekonomické 
610 2 0 |a trh práce 
610 2 0 |a výhody komparatívne 
610 2 0 |a miera nezamestnanosti 
100 1 |a Mikelka, Eduard